CHEMISTRY FOR DEGREE STUDENTS (Record no. 10064)

MARC details
000 -LEADER
fixed length control field 00287nam a22001337a 4500
003 - CONTROL NUMBER IDENTIFIER
control field SGT
082 ## - DEWEY DECIMAL CLASSIFICATION NUMBER
Classification number 540,MAD
100 ## - MAIN ENTRY--PERSONAL NAME
Personal name MADAN R. L.
245 ## - TITLE STATEMENT
Title CHEMISTRY FOR DEGREE STUDENTS
260 ## - PUBLICATION, DISTRIBUTION, ETC. (IMPRINT)
Place of publication, distribution, etc NEW DELHI
Name of publisher, distributor, etc S. CHAND
Year of Publication 2016
300 ## - PAGE DESCRIPTION
No. of Pages 1142
650 ## - SUBJECT ADDED ENTRY--TOPICAL TERM
Topical term or geographic name as entry element CHEMISRY
942 ## - ADDED ENTRY ELEMENTS (KOHA)
Source of classification or shelving scheme Dewey Decimal Classification
Koha item type FPS Books
942 ## - ADDED ENTRY ELEMENTS (KOHA)
-- 41
Holdings
Withdrawn status Lost status Source of classification or shelving scheme Damaged status Not for loan Collection code Home library Current library Shelving location Date acquired Vendor Name Cost, normal purchase price SGTU Bill Number Total Checkouts Full call number Accession No. (Barcode) Date last seen Date last borrowed Bill Date Koha item type
    Dewey Decimal Classification     SCIENCE SGT Science & Social Sciences Library SGT Science & Social Sciences Library Text Book 30/11/2016 S CHAND 625.00 SGTU 337 27 540,MAD PS2899 16/04/2025 31/03/2025 20/10/2016 FPS Books
    Dewey Decimal Classification     SCIENCE SGT Science & Social Sciences Library SGT Science & Social Sciences Library Text Book 30/11/2016 S CHAND 625.00 SGTU 337 45 540,MAD PS2900 17/09/2025 04/09/2025 20/10/2016 FPS Books
    Dewey Decimal Classification   Not For Loan SCIENCE SGT Science & Social Sciences Library SGT Science & Social Sciences Library Reference Book 30/11/2016 S CHAND 625.00 SGTU 337 28 540,MAD PS2901 05/12/2018 13/11/2018 20/10/2016 FPS Books
    Dewey Decimal Classification     SCIENCE SGT Science & Social Sciences Library SGT Science & Social Sciences Library Text Book 30/11/2016 S CHAND 625.00 SGTU 337 52 540,MAD PS2902 06/11/2025 27/10/2025 20/10/2016 FPS Books
    Dewey Decimal Classification     SCIENCE SGT Science & Social Sciences Library SGT Science & Social Sciences Library Text Book 30/11/2016 S CHAND 625.00 SGTU 337 31 540,MAD PS2903 26/08/2025 26/08/2025 20/10/2016 FPS Books
    Dewey Decimal Classification     SCIENCE SGT Science & Social Sciences Library SGT Science & Social Sciences Library Text Book 30/11/2016 S CHAND 625.00 SGTU 337 37 540,MAD PS2904 26/05/2025 12/05/2025 20/10/2016 FPS Books
    Dewey Decimal Classification     SCIENCE SGT Science & Social Sciences Library SGT Science & Social Sciences Library Text Book 30/11/2016 S CHAND 625.00 SGTU 337 36 540,MAD PS2905 14/06/2025 27/05/2025 20/10/2016 FPS Books
    Dewey Decimal Classification     SCIENCE SGT Science & Social Sciences Library SGT Science & Social Sciences Library Text Book 30/11/2016 S CHAND 625.00 SGTU 337 29 540,MAD PS2906 12/06/2025 02/06/2025 20/10/2016 FPS Books